00508nam a22001697a 450000500170000001000150001702000260003203500130005803700130007108200120008410000190009624500790011526000300019427000480022430000260027250000400029820150804110717.0 aENG-113104 a9789380574288c995.00 aEN-96636 bDBAD/PUB a332.673 aBhat, Ganapati aTax policy and FDI : cby Ganapati Bhat /binfluence of transfer pricing / aNew DelhibBookwellc2012 a3/79, Nirankari Colony, bNew Delhie110009 axviii,345p.c23cm(Hb) aIncludes bibliographical references